000
00244 a2200085 4500
020
_a
9780070577091
100
_a
John O. Simonds
245
_a
Landscape Architecture: A Manual of Site Planning and Design
260
_b
McGraw-Hill Professional
_c
1997
999
_c
13296
_d
13296